000 00694nam a2200289Ia 4500
005 20260324130531.0
008 008 260324s9999 xx 000 0 eng d
020 _a9781849773324
037 _aEBOOK
040 _aCRL
040 _beng
040 _cCRL
041 _2eng
041 _aeng
084 _qCRL
100 _aFrederic Bouder; David Slavin
_91182146
245 4 _aThe Tolerability of Risk
245 2 _bA New Framework for Risk Management
260 _bTaylor and Francis
260 _c2007
365 _a
365 _b300
856 _uhttp://www.taylorfrancis.com/books/9781849773324
942 _cEBOOK
999 _c1778378
_d1778378